000 01516nam a2200421 i 4500
001 149990
003 FINmELB
005 20241217182444.0
006 m o d |
007 cr cnu||||||||
008 210528s2012 sp ob 000 0 spa d
020 _z9788492980314
020 _a9781512972146
_q(e-book)
035 _a(OCoLC)1127479978
040 _aFINmELB
_bspa
_erda
_cFINmELB
050 1 4 _aRA440
_bE244 2012
080 _a613
082 0 4 _a613
_223
245 0 0 _aEducación para la salud /
_ccoordinador de la obra: Juan Martín-Romo Mejías.
250 _a2a. edición.
264 1 _aMálaga :
_bEditorial ICB,
_c2012.
300 _a1 recurso en línea (374 páginas)
336 _atexto
_btxt
_2rdacontent/spa
337 _acomputadora
_bc
_2rdamedia/spa
338 _arecurso en línea
_bcr
_2rdacarrier/spa
504 _aContiene bibliografía.
588 _aDescripción basada en metadatos suministrados por el editor y otras fuentes.
590 _aRecurso electrónico. Santa Fe, Arg.: elibro, 2021. Disponible vía World Wide Web. El acceso puede estar limitado para las bibliotecas afiliadas a elibro.
650 0 _aHealth education.
650 4 _aEducación para la salud.
655 4 _aLibros electrónicos.
700 1 _aMartín-Romo Mejías, Juan,
_ecoordinador.
797 2 _aelibro, Corp.
856 4 0 _uhttps://elibro.net/ereader/politecnicointernacional/117738
999 _c149990
_d149990